| 000 | 00853nas a2200289 4500 | ||
|---|---|---|---|
| 001 | BR9500149 | ||
| 003 | BR-BrBNA | ||
| 005 | 20231205093815.0 | ||
| 007 | ta | ||
| 008 | 230509b bl.|||p| |||| 00| 00por d | ||
| 040 |
_aBR-BrBNA _bpor _cBiblioteca Nacional de Agricultura |
||
| 041 | _a(Pt) | ||
| 072 | _aS30 | ||
| 100 | 1 | _aCuri, P.R. | |
| 100 | 1 | _aTerada, L. | |
| 100 | 1 | _aBeckers, P.J. | |
| 100 | 1 | _aAlves, A. | |
| 245 | 1 | _aAnalise multivariada da disponibilidade per capita de nutrientes em 44 paises | |
| 650 | _aAlimento Animal | ||
| 650 | _aAlimento Vegetal | ||
| 650 | _aNutriente | ||
| 650 | _aProteina | ||
| 650 | _aAnalise Estatistica | ||
| 773 | 0 |
_tPesquisa Agropecuaria Brasileira (Brazil) _xISSN 0100-204X _g(Aug 1992), v. 27(8) p. 1123-1128 _wBR9500149 |
|
| 909 |
_a202311 _bLúcia _c55 _dLúcia Elande |
||
| 942 |
_2AGRIS _n0 _cANA |
||
| 999 |
_c140496 _d140496 |
||